Normal view
MARC view
- D̤īplāʾī, Muḥammadu ʻUs̲mānu,
Entry Personal Name
001 - CONTROL NUMBER
- control field: 1006
003 - CONTROL NUMBER IDENTIFIER
- control field: NUST
005 - DATE AND TIME OF LATEST TRANSACTION
- control field: 20170518095700.0
008 - FIXED-LENGTH DATA ELEMENTS
- fixed length control field: 170518|| aca||aabn | a|a d
040 ## - CATALOGING SOURCE
- Original cataloging agency: NUST
- Transcribing agency: NUST
100 ## - HEADING--PERSONAL NAME
- Personal name: D̤īplāʾī, Muḥammadu ʻUs̲mānu,
- Dates associated with a name: 1908-1981.
670 ## - SOURCE DATA FOUND
- Source citation: Work cat.: (NUST)0: D̤īplāʾī, Muḥammadu ʻUs̲mānu, 1908-1981., Sānghaṛ :, 1985.
